000 00450nam a22001937a 4500
003 MPLRDC
005 20220104143813.0
008 210129b ||||| |||| 00| 0 eng d
020 _a957-708-742-6
082 _a855 SZP
100 _a孙梓评
245 _a星星游乐场
_c
250 _a初版
260 _a
_b麦田
_c1999
300 _b
490 _a麦田新世代; 2
650 _a散文;随笔、日记
942 _cBK
_o855 SZP
999 _c43499
_d43489